00854nas a22002533 450000500170000000800390001702200130005604000270006904100080009604400070010409000070011111000570011824500430017526000800021831000060029832100060030459000900031065000300040065000470043065000370047765000540051494200150056899900170058320151103121200.0870629u xx u 0 0 0fre a00034231 aCO-BoIAVH cCO-BoIAVH 0 afre afr aSE2 aInstitut National de la Recherche Agronomique94092100aAnnales de zoologie-écologie animale aParís (Francia):bInstitut national de la recherche agronomique,c1969- . aq a0 aPublicación cesó con vol. 11, no. 4, 1979 por carta del editor para E & G 1.7.83. 6aZoologíavPeriódicas. 6aZoologíavPeriódicas.xInvestigación 6aEcología animalvPeriódicas. 6aEcología animalvPeriódicas.xInvestigación 2zcREVISTA c17845d17845